[Event "AUTO-MASTER-58"]
[Site "http://www.queenalice.com/game.php?id=34080"]
[Date "2005.10.20"]
[Round "1"]
[White "Marcelo"]
[Black "Winclick"]
[Result "0-1"]
[WhiteElo "1673"]
[BlackElo "1853"]

1. d4 Nf6 2. Bf4 e6 3. a3 Be7 4. Nc3 c5 5. dxc5 Bxc5 6. e3 Nc6 7. Nb5 e5 8. Bg5
d5 9. Bxf6 gxf6 10. Nf3 Bg4 11. Be2 f5 12. h3 Bxf3 13. Bxf3 e4 14. Bh5 Qa5+ 15.
Nc3 d4 16. exd4 Bxd4 17. O-O O-O-O 18. Qe1 Ne5 19. Qe2 Bxc3 20. bxc3 Qxc3 21.
Qb5 Rd6 22. Rab1 Rb6 23. Qd5 Rd8 24. Qa2 Rxb1 25. Rxb1 Rd7 26. Qb3 Rc7 27. a4
Qxc2 28. Qxc2 Rxc2 29. Rb5 f6 30. Be8 f4 31. Rb3 Nd3 32. Bb5 Nxf2 33. Rb4 f5 34.
Rd4 e3 35. Bd7+ Kc7 36. Kf1 Ne4 37. Bxf5 Ng3+ 38. Ke1 Rc1+ 39. Rd1 Rxd1+ 40.
Kxd1 Nxf5 41. Ke2 Kd6 0-1

[Event "AUTO-MASTER-58"]
[Site "http://www.queenalice.com/game.php?id=34081"]
[Date "2005.10.20"]
[Round "1"]
[White "Winclick"]
[Black "hippitro"]
[Result "0-1"]
[WhiteElo "1844"]
[BlackElo "1829"]

1. e4 e5 2. Nf3 Nc6 3. Bc4 Nf6 4. c3 Nxe4 5. Bd5 Nf6 6. Bxc6 dxc6 7. Nxe5 Bd6 8.
Nc4 O-O 9. O-O Bxh2+ 10. Kh1 Ng4 11. Qf3 Qh4 12. Ne3 Bg3+ 13. Kg1 Qh2# 0-1

[Event "AUTO-MASTER-58"]
[Site "http://www.queenalice.com/game.php?id=34082"]
[Date "2005.10.20"]
[Round "1"]
[White "hippitro"]
[Black "Winclick"]
[Result "1-0"]
[WhiteElo "2045"]
[BlackElo "1827"]

1. e4 c6 2. d4 d5 3. f3 g6 4. c3 Bg7 5. Be3 e5 6. dxe5 Bxe5 7. f4 Bg7 8. Bd4 Nf6
9. e5 Ne4 10. Nf3 c5 11. Be3 Nc6 12. Nbd2 Bg4 13. Nxe4 dxe4 14. Qxd8+ Rxd8 15.
Ng5 Bf5 16. Bc4 O-O 17. Bxc5 h6 18. Bxf8 hxg5 19. Bxg7 Kxg7 20. g3 gxf4 21. gxf4
Na5 22. Be2 e3 23. Rd1 Rxd1+ 24. Kxd1 f6 25. Bf3 Nc4 26. b3 Nb2+ 27. Ke2 Nd3 28.
exf6+ Kxf6 29. Kxe3 b6 30. h4 a5 31. Rd1 1-0

[Event "Long Night Challenge"]
[Site "http://www.queenalice.com/game.php?id=34771"]
[Date "2005.10.25"]
[Round "-"]
[White "Winclick"]
[Black "Maxwell"]
[Result "0-1"]
[WhiteElo "1894"]
[BlackElo "1803"]

1. e4 d6 2. d4 Nf6 3. Bd3 e5 4. Nf3 Bg4 5. c3 c6 6. Bg5 Be7 7. Nbd2 Nbd7 8. Qc2
Qc7 9. O-O-O h6 10. Bxf6 Bxf6 11. h3 Bxf3 12. Nxf3 O-O-O 13. Kb1 Kb8 14. b4 Rc8
15. a4 exd4 16. cxd4 c5 17. dxc5 dxc5 18. bxc5 Qxc5 19. Qxc5 Rxc5 20. Bb5 Ne5
21. Nxe5 Bxe5 22. Rd7 a6 23. Bd3 Rhc8 24. Rxf7 Rc3 25. Rf5 Bd4 26. Ka2 Rxd3 27.
e5 Rd2+ 28. Kb3 Rc3+ 29. Kb4 Rb2+ 0-1

[Event "Long Night Challenge"]
[Site "http://www.queenalice.com/game.php?id=34790"]
[Date "2005.10.25"]
[Round "-"]
[White "Maxwell"]
[Black "Winclick"]
[Result "1-0"]
[WhiteElo "1823"]
[BlackElo "1871"]

1. d4 Nf6 2. c4 e6 3. Nc3 Bb4 4. Qc2 Nc6 5. e3 Qe7 6. Bd3 d5 7. a3 Bxc3+ 8. Qxc3
e5 9. dxe5 Nxe5 10. cxd5 Nxd5 11. Qc2 h6 12. Be2 O-O 13. Nf3 c6 14. O-O Kh8 15.
Bd2 f5 16. Rad1 Bd7 17. Rfe1 Rac8 18. e4 fxe4 19. Qxe4 Nxf3+ 20. Bxf3 Qf6 21. b4
Rce8 22. Qc4 Rxe1+ 23. Rxe1 Bh3 24. Qe2 Bf5 25. Bxd5 cxd5 26. Bc1 Be4 27. f3 Bf5
28. Bb2 Qg6 29. Qe7 Rf7 30. Qd8+ Kh7 31. Qxd5 Rd7 32. Qe5 Rd2 33. Re2 Rd1+ 34.
Re1 Bh3 35. g3 Qc2 36. Qxg7# 1-0

[Event "AUTO-ADV-37"]
[Site "http://www.queenalice.com/game.php?id=35696"]
[Date "2005.10.31"]
[Round "2"]
[White "oki_doki"]
[Black "Winclick"]
[Result "0-1"]
[WhiteElo "1502"]
[BlackElo "1887"]

1. d4 Nf6 2. c4 e6 3. Nc3 Bb4 4. Bg5 c5 5. e3 Qa5 6. Bxf6 Bxc3+ 7. bxc3 Qxc3+ 8.
Ke2 gxf6 9. Rc1 Qa5 10. Nf3 Qxa2+ 11. Nd2 Qa5 12. g3 Nc6 13. Bg2 cxd4 14. Bxc6
d3+ 15. Kxd3 dxc6 16. Ke2 Qh5+ 17. f3 O-O 18. Ne4 Kg7 19. Kf2 b6 0-1

[Event "AUTO-ADV-37"]
[Site "http://www.queenalice.com/game.php?id=35697"]
[Date "2005.10.31"]
[Round "2"]
[White "Winclick"]
[Black "oki_doki"]
[Result "1-0"]
[WhiteElo "1889"]
[BlackElo "1500"]

1. d4 Nf6 2. c4 e6 3. Nc3 d5 4. e3 Bb4 5. cxd5 Nxd5 6. Qc2 c5 7. Nf3 Nc6 8. Bd3
cxd4 9. exd4 Qb6 10. Be3 Bd7 11. O-O Rc8 12. a3 Bd6 13. Bxh7 Bb8 14. Qe4 Qc7 15.
Nxd5 Qd6 16. Nf4 g6 17. Bxg6 fxg6 18. Qxg6+ Kd8 19. d5 1-0

[Event "AUTO-ADV-37"]
[Site "http://www.queenalice.com/game.php?id=35700"]
[Date "2005.10.31"]
[Round "2"]
[White "Winclick"]
[Black "waltc"]
[Result "1-0"]
[WhiteElo "1869"]
[BlackElo "1837"]

1. e4 e6 2. d4 d5 3. Nc3 Nf6 4. Bg5 Be7 5. e5 Nfd7 6. Bxe7 Qxe7 7. f4 O-O 8. Nf3
a6 9. Qd2 c5 10. dxc5 Nxc5 11. O-O-O Nc6 12. g4 b5 13. Bd3 b4 14. Ne2 a5 15. Qe3
a4 16. Bxh7+ Kxh7 17. Ng5+ 1-0

[Event "Challenge"]
[Site "http://www.queenalice.com/game.php?id=41176"]
[Date "2005.12.3"]
[Round "-"]
[White "Jorge"]
[Black "Winclick"]
[Result "0-1"]
[WhiteElo "1346"]
[BlackElo "1892"]

1. e4 c5 2. d3 g6 3. c4 Bg7 4. Nc3 Nc6 5. a3 d6 6. Nge2 Nf6 7. f3 O-O 8. Nf4 a6
9. Be2 Nd4 10. Bf1 e6 11. Be3 Ne8 12. g4 Be5 13. h4 b5 14. cxb5 axb5 15. h5 Qa5
16. Bd2 Qc7 17. hxg6 fxg6 18. g5 Bxf4 19. Bxf4 Rxf4 20. Rh3 b4 21. Ne2 Nxe2 22.
Qxe2 Ng7 23. Qe3 e5 24. Qg1 Bxh3 25. Bxh3 Rxf3 26. Be6+ Nxe6 27. Rc1 bxa3 28. d4
Nxd4 29. b4 a2 30. bxc5 Qa5+ 31. Kd1 Rd3# 0-1

[Event "AUTO-MASTER-80"]
[Site "http://www.queenalice.com/game.php?id=42890"]
[Date "2005.12.10"]
[Round "1"]
[White "Mayaune"]
[Black "Winclick"]
[Result "0-1"]
[WhiteElo "1632"]
[BlackElo "1884"]

1. e4 c5 2. Bc4 e6 3. Nf3 Nc6 4. c3 d5 5. exd5 exd5 6. Bb5 g6 7. Ne5 Qc7 8. Qe2
Be6 9. Nxc6 bxc6 10. Ba4 Bg7 11. Qa6 Ne7 12. O-O O-O 13. Re1 d4 14. cxd4 cxd4
15. d3 Bd5 16. Bg5 Nf5 17. Nd2 Be5 18. Rxe5 Qxe5 19. Bxc6 Bxc6 20. Qxc6 Rfe8 21.
Nf3 Qe2 22. Bf6 Rac8 23. Qa4 Rc2 24. Qxe8+ Qxe8 25. Re1 Re2 26. Rb1 Qa4 0-1

[Event "AUTO-MASTER-80"]
[Site "http://www.queenalice.com/game.php?id=42891"]
[Date "2005.12.10"]
[Round "1"]
[White "Winclick"]
[Black "Mayaune"]
[Result "1-0"]
[WhiteElo "1862"]
[BlackElo "1648"]

1. d4 d5 2. c4 dxc4 3. Nc3 c6 4. a4 Bf5 5. e4 Bg6 6. Bxc4 e6 7. Nge2 Bb4 8. O-O
Nf6 9. Bg5 Bxc3 10. Nxc3 O-O 11. e5 1-0

[Event "AUTO-MASTER-80"]
[Site "http://www.queenalice.com/game.php?id=42908"]
[Date "2005.12.10"]
[Round "1"]
[White "Winclick"]
[Black "Morpheus"]
[Result "0-1"]
[WhiteElo "1892"]
[BlackElo "1964"]

1. e4 c5 2. Nc3 e6 3. f4 a6 4. g3 d5 5. d3 Nf6 6. e5 d4 7. Nb1 Nd5 8. Bg2 h5 9.
Nf3 h4 10. Nxh4 Rxh4 11. gxh4 Qxh4+ 12. Kf1 Nxf4 13. Qf3 Nxg2 14. Kxg2 Bd7 15.
Nd2 Nc6 16. Nc4 Nb4 17. Na5 Nxc2 18. Rf1 Ne1+ 19. Rxe1 Qxe1 20. Qxb7 Rc8 21.
Qxa6 c4 22. Nxc4 Bc6+ 23. Kh3 Qf1+ 24. Kh4 Be7+ 0-1

[Event "AUTO-MASTER-80"]
[Site "http://www.queenalice.com/game.php?id=42909"]
[Date "2005.12.10"]
[Round "1"]
[White "Morpheus"]
[Black "Winclick"]
[Result "1/2-1/2"]
[WhiteElo "1924"]
[BlackElo "1891"]

1. d4 Nf6 2. c4 e6 3. Nf3 Bb4+ 4. Bd2 Qe7 5. h3 O-O 6. e3 b6 7. Bd3 Bb7 8. O-O
Bxd2 9. Nbxd2 c5 10. e4 d5 11. exd5 exd5 12. Re1 Qc7 13. dxc5 bxc5 14. cxd5 Bxd5
15. Qc2 h6 16. Rad1 Nbd7 17. Bc4 Bxc4 18. Nxc4 Rfe8 19. Qd3 Rad8 20. Qf5 Nb6 21.
Rxd8 Rxd8 22. Nce5 Rd5 1/2-1/2

[Event "AUTO-MASTER-80"]
[Site "http://www.queenalice.com/game.php?id=42910"]
[Date "2005.12.10"]
[Round "1"]
[White "Winclick"]
[Black "Catalin"]
[Result "1-0"]
[WhiteElo "1874"]
[BlackElo "1847"]

1. d4 d5 2. c4 c6 3. cxd5 cxd5 4. Nc3 Nf6 5. Nf3 e6 6. Bf4 Bd6 7. Bxd6 Qxd6 8.
Qb3 O-O 9. e3 a6 10. Bd3 Nc6 11. a3 b5 12. O-O Bd7 13. Rfc1 Rab8 14. Qd1 Rfc8
15. Rc2 Ne7 16. Rac1 Rb7 17. Ne5 Nc6 18. f4 Kf8 19. g4 h6 20. h4 Rb6 21. g5 Ng8
22. Ne2 Qc7 23. Ng3 Be8 24. f5 f6 25. fxe6 fxe5 26. Qf3+ Ke7 27. Qxd5 g6 28.
Qc5+ Kxe6 29. d5+ Kf7 30. Rf1+ Kg7 31. Qf8+ Kh7 32. dxc6 Rxc6 33. Rxc6 Qxc6 34.
gxh6 Nxh6 35. Nh5 Rc7 36. Nf6+ 1-0

[Event "AUTO-MASTER-80"]
[Site "http://www.queenalice.com/game.php?id=42911"]
[Date "2005.12.10"]
[Round "1"]
[White "Catalin"]
[Black "Winclick"]
[Result "1-0"]
[WhiteElo "1832"]
[BlackElo "1889"]

1. e4 c6 2. d4 d5 3. e5 Bf5 4. Bd3 Bxd3 5. Qxd3 e6 6. c4 dxc4 7. Qxc4 Nd7 8. Nf3
Nb6 9. Qd3 Bb4+ 10. Bd2 Bxd2+ 11. Nbxd2 Ne7 12. O-O O-O 13. Ne4 Nbd5 14. Nd6 Qd7
15. Rac1 Nc8 16. Ng5 f5 17. Nc4 h6 18. Nf3 g5 19. Qc2 Rf7 20. a4 Qe7 21. Rfe1 h5
22. Kh1 g4 23. Nfd2 h4 24. Qb3 Qg5 25. Rf1 Rg7 26. Ne3 g3 27. Nf3 Qh5 28. Nxd5
exd5 29. a5 f4 30. a6 bxa6 31. Rxc6 Ne7 32. Qb7 Rf8 33. Rc7 Re8 34. h3 Qh6 35.
Qxa7 Kf8 36. Rc3 gxf2 37. Rxf2 Nf5 38. Qc5+ Ree7 39. Qc8+ Re8 40. Qxf5+ 1-0

[Event "AUTO-MASTER-94"]
[Site "http://www.queenalice.com/game.php?id=48705"]
[Date "2006.1.20"]
[Round "1"]
[White "Nimzo81"]
[Black "Winclick"]
[Result "0-1"]
[WhiteElo "1706"]
[BlackElo "1841"]

1. Nc3 c6 2. d4 d5 3. Nf3 Bf5 4. Bf4 Nf6 5. e3 e6 6. Bd3 Bg6 7. O-O Bd6 8. Bxd6
Qxd6 9. Qe2 Nbd7 10. a3 Bxd3 11. cxd3 O-O 12. e4 dxe4 13. dxe4 e5 14. Rad1 exd4
15. Rxd4 Qe7 16. e5 Ne8 17. Rfd1 Rd8 18. e6 fxe6 19. Ne5 Nef6 20. h3 Nd5 21.
Nxd5 exd5 22. f4 Nxe5 23. Qxe5 Qxe5 24. fxe5 Rde8 25. Re1 Rf5 26. e6 Rf6 27. e7
Rf7 28. g4 Rfxe7 0-1

[Event "AUTO-MASTER-94"]
[Site "http://www.queenalice.com/game.php?id=48706"]
[Date "2006.1.20"]
[Round "1"]
[White "Winclick"]
[Black "Nimzo81"]
[Result "0-1"]
[WhiteElo "1852"]
[BlackElo "1735"]

1. e4 Nc6 2. d4 d5 3. e5 Bf5 4. Bb5 e6 5. g4 Be4 6. Nf3 h5 7. Nc3 Bxf3 8. Qxf3
hxg4 9. Qxg4 Rh4 10. Qd1 a6 11. Bxc6+ bxc6 12. a3 c5 13. Ne2 cxd4 14. Nxd4 c5
15. Nf3 Re4+ 16. Kf1 Qb6 17. h3 Qb5+ 18. Kg2 Nh6 19. Re1 Rxe1 20. Qxe1 Nf5 21.
a4 Qb7 22. Qa5 d4 23. Bg5 d3 24. c3 Rc8 25. Rd1 Be7 26. Bxe7 Kxe7 27. Rxd3 c4
28. Rd4 Nxd4 29. cxd4 Rc6 30. Qd2 Rc8 31. Kg3 Qb3 32. d5 exd5 33. Qxd5 Rd8 34.
Qc5+ Ke6 0-1

[Event "AUTO-MASTER-94"]
[Site "http://www.queenalice.com/game.php?id=48721"]
[Date "2006.1.20"]
[Round "1"]
[White "Winclick"]
[Black "jsm"]
[Result "0-1"]
[WhiteElo "1838"]
[BlackElo "1978"]

1. d4 d5 2. c4 e5 3. dxe5 d4 4. Nf3 Nc6 5. g3 Be6 6. b3 Qd7 7. Bg2 O-O-O 8. O-O
Nge7 9. Nbd2 Ng6 10. a3 Bh3 11. b4 Bxg2 12. Kxg2 Ncxe5 13. Bb2 Qg4 14. Kh1 f6
15. Qa4 Kb8 16. Rfd1 Be7 17. Rac1 d3 18. Bxe5 Nxe5 19. Nxe5 fxe5 20. exd3 Rxd3
21. Nf1 Qf3+ 22. Kg1 Rxa3 23. Qd7 Ra2 24. Rd2 Rxd2 25. Nxd2 Qf8 26. Qb5 Bxb4 27.
Rb1 c5 28. Ne4 Qe8 29. Rd1 Qxb5 30. cxb5 Kc7 31. Ng5 Kb6 32. Rd7 h6 33. Nf7 Rb8
34. Nxe5 Bc3 35. Nd3 Kxb5 36. Rc7 Bd4 37. Kg2 a5 38. f4 a4 39. Ne5 Bxe5 40. fxe5
a3 0-1

[Event "AUTO-MASTER-94"]
[Site "http://www.queenalice.com/game.php?id=48722"]
[Date "2006.1.20"]
[Round "1"]
[White "jsm"]
[Black "Winclick"]
[Result "1-0"]
[WhiteElo "1879"]
[BlackElo "1853"]

1. e4 c5 2. Nf3 g6 3. Bc4 Bg7 4. O-O Nc6 5. c3 e5 6. d3 Nf6 7. a4 d5 8. exd5
Nxd5 9. Bg5 Qd6 10. Nbd2 Be6 11. Ne4 Qc7 12. Nxc5 O-O 13. Nxe6 fxe6 14. Nd2 Rf5
15. Bh4 Qb6 16. Rb1 Nf4 17. Kh1 g5 18. Bg3 Ne7 19. Ne4 Neg6 20. b4 Nh4 21. a5
Qc6 22. b5 Qe8 23. Bxh4 gxh4 24. Qg4 Qe7 25. g3 Ng6 26. Qxf5 Kh8 27. Qxe6 Qd8
28. Nd6 1-0

[Event "AUTO-MASTER-94"]
[Site "http://www.queenalice.com/game.php?id=48723"]
[Date "2006.1.20"]
[Round "1"]
[White "Winclick"]
[Black "avieytoa"]
[Result "1-0"]
[WhiteElo "1835"]
[BlackElo "1595"]

1. d4 Nf6 2. c4 g6 3. Nc3 Bg7 4. Nf3 O-O 5. Bg5 d6 6. e3 Nbd7 7. Bd3 h6 8. Bh4
b6 9. O-O c5 10. Qc2 cxd4 11. exd4 Bb7 12. Be2 Rc8 13. Qa4 a6 14. b4 b5 15. Qb3
bxc4 16. Bxc4 g5 17. Bg3 Bxf3 18. gxf3 Qc7 19. Nd5 Nxd5 20. Bxd5 e6 21. Bxe6 1-0

[Event "AUTO-MASTER-94"]
[Site "http://www.queenalice.com/game.php?id=48724"]
[Date "2006.1.20"]
[Round "1"]
[White "avieytoa"]
[Black "Winclick"]
[Result "0-1"]
[WhiteElo "1602"]
[BlackElo "1828"]

1. e4 c6 2. d4 d5 3. Nc3 dxe4 4. Nxe4 Nd7 5. Bc4 Ngf6 6. Ng5 e6 7. N1f3 Bd6 8.
c3 h6 9. Nh3 Nb6 10. Bd3 Qc7 11. Qe2 O-O 12. Bd2 Re8 13. Ne5 Nbd7 14. Nxd7 Bxd7
15. O-O-O e5 16. dxe5 Bxe5 17. Qf1 Nd5 18. Bc2 b5 19. Qd3 Nf6 20. f4 Bd6 21. Be3
Bf8 0-1